| 000 | 00473cam a22002051 4500 | ||
|---|---|---|---|
| 001 | sa 67001258 | ||
| 003 | DLC | ||
| 005 | 20260227112321.0 | ||
| 008 | 881028s1966 xx 000 0 beno | ||
| 010 | _asa 67001258 | ||
| 035 | _a(OCoLC)23573753 | ||
| 040 |
_aDLC _cMiU _dDLC |
||
| 042 | _apremarc | ||
| 050 | 0 | 0 |
_aPK1730.12.S5 _bP7 |
| 100 | 1 | _aAshraf, Shaheed. | |
| 245 | 1 | 0 | _aPrema piẏāsī. |
| 260 | _c[1966] | ||
| 300 |
_a98 p. _c19 cm. |
||
| 500 | _aRomanized. | ||
| 999 |
_c72490 _d72490 |
||